Thérapeutiques médicales non médicamenteuses (Record no. 18213)
[ view plain ]
| 000 -LEADER | |
|---|---|
| fixed length control field | 00444 a2200205 4500 |
| 035 ## - SYSTEM CONTROL NUMBER | |
| System control number | 8613 |
| 035 ## - SYSTEM CONTROL NUMBER | |
| System control number | 8614 |
| 035 ## - SYSTEM CONTROL NUMBER | |
| System control number | 8615 |
| 100 ## - VEDETTE PRINCIPALE - NOM DE PERSONNE | |
| Personal name | Boissier, C. |
| 260 ## - PUBLICATION, DISTRIBUTION, ETC. (IMPRINT) | |
| Place of publication, distribution, etc | Paris |
| 260 ## - PUBLICATION, DISTRIBUTION, ETC. (IMPRINT) | |
| Name of publisher, distributor, etc | Masson |
| 245 ## - TITLE STATEMENT | |
| Title | Thérapeutiques médicales non médicamenteuses |
| 260 ## - PUBLICATION, DISTRIBUTION, ETC. (IMPRINT) | |
| Date of publication, distribution, etc | 1998 |
| 300 ## - PHYSICAL DESCRIPTION | |
| Extent | 300 p. |
| 700 ## - ADDED ENTRY--PERSONAL NAME | |
| Personal name | Guilmot, J-L |
| 700 ## - ADDED ENTRY--PERSONAL NAME | |
| Personal name | Queneau, P. |
| Withdrawn status | Lost status | Damaged status | Not for loan | Location (home branch) | Sublocation or collection (holding branch) | Date acquired | Koha issues (times borrowed) | Koha full call number | Koha date last seen | Price effective from | Koha item type |
|---|---|---|---|---|---|---|---|---|---|---|---|
| Bibliothèque Faculté des Sciences de la Santé | Bibliothèque Faculté des Sciences de la Santé | 27/02/2009 | WB 900 BOI | 27/02/2009 | 27/02/2009 | Livre |